Proyecto de créditos especiales a los Funcionarios para facilitar el acceso a la Propiedad Inmobiliaria
Publicado:
Barcelona :
Asociación del Personal de la Caja de Pensiones para la Vejez y de Ahorros ,
1958
Descripción Física:
15, [5] p. de làm. : il. ; 22 cm
MARC
| LEADER | 00000nam a2200000Ia 4500 | ||
|---|---|---|---|
| 001 | 19066 | ||
| 008 | 160829s1958 xx 000 0 cat d | ||
| 080 | |a FU-1-48 | ||
| 245 | |a Proyecto de créditos especiales a los Funcionarios para facilitar el acceso a la Propiedad Inmobiliaria | ||
| 260 | |a Barcelona : |b Asociación del Personal de la Caja de Pensiones para la Vejez y de Ahorros, |c 1958 | ||
| 300 | |a 15, [5] p. de làm. : |b il. ; |c 22 cm | ||
| 590 | |a Inlcou els plànols a escala 1:100 de varis tipus de vivenda unifamiliar i d'un pis del carrer Menorca - Puigcerdà. | ||
| 590 | |a Prové de R-440, exp. 13 | ||
| 650 | 0 | |a Béns immobles |z Barcelona (Catalunya) |9 47613 | |
| 650 | |a Caja de Pensiones para la Vejez y de Ahorros |x Funcionaris i empleats |9 47614 | ||
| 710 | 2 | |a Caixa de Pensions per a la Vellesa i d'Estalvis de Catalunya i Balears |9 54857 | |
| 901 | |a Arxiu | ||
| 942 | |n 1 | ||
| 952 | |0 0 |1 0 |4 0 |6 FU148 |7 1 |9 54003 |a Arxiu |b Arxiu |d 2016-12-01 |l 0 |o FU-1-48 |p 19066 |r 2016-12-01 00:00:00 |w 2016-12-01 |y ARXIU | ||
| 999 | |c 57871 |d 57871 | ||